| 000 | 00879nam a22002177a 4500 | ||
|---|---|---|---|
| 999 |
_c20397 _d20397 |
||
| 003 | AR-CdUCM | ||
| 008 | 190529b ||||| |||| 00| 0 spa d | ||
| 040 |
_aMUNICIPALIDAD PROVINCIAL DEL CUSCO _cBIBLIOTECA MUNICIPAL DEL CUSCO |
||
| 082 |
_a541.39 / _bV84 |
||
| 100 |
_aVitoria S. J, Eduardo P. _942658 |
||
| 245 |
_aLa catálisis química : _bSus teorías y aplicaciones en el laboratorio y en la industria / |
||
| 260 |
_aBarcelona : _bEl instituto quimico de Sarria, _c1918. |
||
| 300 |
_a540 páginas ; _bImages, Fotografías _c25 cm. |
||
| 440 |
_aInstituto quimico de Sarria _n6 _942659 |
||
| 505 | _aContenido : Ideas fundamentales -- Disertacion historica -- Catalizadores minerales -- Catalizadores simples... | ||
| 650 |
_aCatalizadores _942660 |
||
| 650 |
_aMecanica quimica _942661 |
||
| 650 |
_aEquilibrios químicos _942662 |
||
| 942 |
_2ddc _cLIBROS |
||
| 945 | _arcc | ||